Vegetationszonen nach Klimazonen - Statistiken

Allgemein
  • Dieses Quiz wurde 0 mal gespielt
  • Das Durchschnittsergebnis liegt bei 0 aus 28
Antwortstatistiken
Klimazonen Anteil der Klimazonen Anteil der Vegetationszonen Vegetationszonen % Korrekt
Kaltgemässigte boreale Nadelwaldzone Ca. 9% Ca. 6% Azonale immergrüne Nadelwälder
0%
Polarklimate Ca. 16% Ca. 3% Azonale subpolare Wiesen, Heiden und Moore
0%
Tropische Klimazone Ca. 30% Ca. 5% Dornstrauch- und Kakteensavannen
0%
Polarklimate Ca. 16% Ca. 9% Eisschilde
0%
Polarklimate Ca. 16% Ca. 2% Extrazonale alpine Matten, Heiden und Bergtundra
0%
Kühlgemässigte Klimazone Ca. 19% Ca. 6% Gemässigte Laub- und Auenwälder
0%
Kühlgemässigte Klimazone Ca. 19% Ca. 2% Gemischte Waldsteppen
0%
Polarklimate Ca. 16% Ca. 0.2% Gletscher
0%
Kühlgemässigte Klimazone Ca. 19% Ca. 2% Grassteppen, subtropische Grasländer und Salzwiesen
0%
Kühlgemässigte Klimazone Ca. 19% Ca. 2% Halbwüsten
0%
Subtropische Klimazone Ca. 19% Ca. 2% Hartlaubvegetation
0%
Kühlgemässigte Klimazone Ca. 19% Ca. 0.5% Immergrüne gemässigte Küstenregenwälder
0%
Polarklimate Ca. 16% Ca. 1% Kältewüsten
0%
Polarklimate Ca. 16% Ca. 1% Kältewüsten
0%
Kühlgemässigte Klimazone Ca. 19% Ca. 2% Laub- und Nadelmischwälder
0%
Tropische Klimazone Ca. 30% Ca. 5% Regengrüne Feuchtsavannen
0%
Tropische Klimazone Ca. 30% Ca. 3% Regengrünen Feuchtwälder
0%
Kaltgemässigte boreale Nadelwaldzone Ca. 9% Ca. 3% Sommergrüne (Lärchen)-Nadelwäldern
0%
Kühlgemässigte Klimazone Ca. 19% Ca. 4% Strauch- und Trockensteppen
0%
Subtropische Klimazone Ca. 19% Ca. 2% Subtropische Feuchtwälder oder Lorbeerwälder
0%
Subtropische Klimazone Ca. 19% Ca. 6% Subtropische heisse Halbwüsten
0%
Subtropische Klimazone Ca. 19% Ca. 9% Subtropische heisse Wüsten
0%
Subtropische Klimazone Ca. 19% Ca. 0.4% Subtropischer Regenwald
0%
Tropische Klimazone Ca. 30% Ca. 3% Trockensavannen
0%
Tropische Klimazone Ca. 30% Ca. 9% Tropische Regenwälder
0%
Tropische Klimazone Ca. 30% Ca. 4% Tropische Trockenwälder
0%
Polarklimate Ca. 16% Ca. 5% Tundren
0%
Kühlgemässigte Klimazone Ca. 19% Ca. 1% Winterkalte Wüsten
0%
Keine übereinstimmenden Quizze gefunden
Verteilung der Resultate
Anzahl Personen mit jedem Resultat
Perzentil nach korrekt beantworteten Fragen
Ihre Resultats-Entwicklung
Sie haben dieses Quiz noch nicht gespielt